000 00398nab a22001097u 4500
008 130520b2011 xxu||||| |||| 00| 0 spa d
041 _aspa
100 1 _aRodríguez Campos, William
_977903
245 0 0 _aEl fundamento filosófico antropológico de los derechos humanos
_cWilliam Rodríguez Campos
773 0 _tMiscelánea Comillas
_gV.69, nº135,2011,págs. 683-691
_x0210-9522
_wRev271
942 _cAR
999 _c418898
_d418898